KIKA Serien erraten - Statistiken

Allgemein
  • Dieses Quiz wurde 144 mal gespielt
  • Das Durchschnittsergebnis liegt bei 3 aus 15
Antwortstatistiken
Frage Antwort % Korrekt
Ein Landei kommt zu Ballett tanzen in die Großstadt Dance Academy
64%
Drei Teenies sind dank eines USB Sticks trotz unterschiedlicher Wohnorte sehr verbunden Emmas Chatroom
60%
Drei Meerjungfrauen, die normalerweise im Wasser leben, aber an Land und im Wasser erleben verschiedene Abenteuer Mako Einfach Meerjungfrau
33%
2 Alien stranden auf der Erde und surfen Alien Surfgirls
25%
Drei Teenie Meerjungfrauen und ihr Alltag H2O plötzlich Meerjungfrauen
21%
Es geht um 5 Freundinnen, Übernachtungen, Freundschaft und Liebe Sleepoverclub
19%
Ein böser Herrscher will eine Hansestadt zerstören und muss von Kindern aufgehalten werden 4 gegen Z
12%
Ein Junge, sein Freund der Vampir und ihre Abenteuer Der kleine Vampir
12%
Ein Kind, welches seine Eltern wahnsinnig unangenehm findet und versucht damit klar zu kommen Meine peinlichen Eltern
12%
Der Alltag für Kinder auf einem Ferienhof in der Nähe einer Großstadt Die Kinder vom Alstertal
9%
3 Freundinnen und ihr Alltag auf dem Reiterhof Der Sattelclub
4%
2 Teenies und ihr Doppelleben zwischen Mensch und Werwolf Woolfblood
4%
5 Freunde auf einem Bauernhof in der Lüneburger Heide Neues vom Süderhof
3%
Eine Welt ohne Erwachsene The Tribe
2%
Ein 12 jähriger erlebt als Unsichtbarer täglich neue Abenteuer Unsichtbar
2%
Keine übereinstimmenden Quizze gefunden
Verteilung der Resultate
Anzahl Personen mit jedem Resultat
Perzentil nach korrekt beantworteten Fragen
Ihre Resultats-Entwicklung
Sie haben dieses Quiz noch nicht gespielt